000 00365nam a2200121Ia 4500
008 151021s9999 xx 000 0 und d
020 _a9.7803409682e+012
050 _aQA 76.76 .0635847 2008
245 _a_Basic computer skills(Windows vista ed) Stephen Moira
260 _aUS McGraw hill 2009
650 _a_Computer skills
980 _a^d20110803 10:23:02^oanne
999 _c8106
_d8106